• 首页
  • 本馆介绍
  • 公告通知
  • 最新文献
  • 馆藏检索
  • 电子资源
  • 读者导购
  • 参考咨询
  • 我的图书馆
  • 登录
  • 详细信息显示
  • 放入我的书架
  • 预约/预借图书
  • 作者相关作品
  • 分类相关作品
  • 丛书相关作品
  • 出版社相关作品

书目信息

  • 表格格式
  • 工作单格式
  • 卡片格式
题名:
制冷原理及设备
    
 
作者: 吴业正 , 韩宝琦 编
分册:  
出版信息: 西安   西安交通大学出版社  1987.9
页数: 342页
开本: 26cm
丛书名:
单 册:
中图分类: TB6
科图分类:
主题词: 制冷工程
电子资源:
ISBN:
000 00576nam0 2200205 45
001 0312221749
005 20031222170907.8
010    @dCNY3.65
100    @a20031222d1987 km y0chiy0120 ea
101    @achi
105    @a z 000yy
200 1  @a制冷原理及设备@AZhi Leng Yuan Li Ji She Bei@f吴业正,韩宝琦等编@FWu Ye Zheng,Han Bao Qi Deng Bian
210    @a西安@c西安交通大学出版社@d1987.9
215    @a342页@d26cm
606 0  @a制冷工程
690    @aTB6@v3
701 0  @a吴业正@4编
701 0  @a韩宝琦@4编
801    @aCN@bTSTCL@c20031222
905    @a213230@dTB6@e12@b216646@f1
    
    制冷原理及设备/吴业正,韩宝琦等编.-西安:西安交通大学出版社,1987.9
    342页;26cm
    
    
    ISBN :CNY3.65
    
●
相关链接 在E读中查询图书 在五车中查询图书 在当当中查询图书 在豆瓣中查询图书


正题名:制冷原理及设备     索取号:TB6/12         预约/预借

序号 登录号 条形码 馆藏地/架位号 状态 备注
1 0216646   001357971   第二样本阅览室/ [索取号:TB6/12] 在馆    
唐山师范学院图书馆 欢迎您!
大连网信软件有限公司© 版权所有